000 00503nam a2200181Ia 4500
001 11047
005 20260306161917.0
008 260306t1979||||xx |||||||||||||| ||spa||
041 _aESP
082 _a985.001
_bR68 T. 10
100 _aRiva-Agüero y Osma, José de la
_eAUT
245 0 _aObras completas de José de la Riva-Agüero:
_bensayos jurídicos y filosóficos
260 _c1979
300 _axxvi, 414 páginas :
_c21 cm.
650 _aGEN
654 _aCHU
942 _cLIB
_dJUS
_fJUS
_2ddc
_n
999 _c11047
_d11047